Most Popular BFDI Ships - Statistics

General Stats
  • This quiz has been taken 676 times
    637 since last reset
  • The average score is 21 of 32
Answer Stats
# of Fanfics Characters % Correct
59 Firey
95%
34 Firey
95%
59 Leafy
95%
52 Leafy
95%
39 Coiny
90%
34 Coiny
90%
52 Pin
89%
39 Pin
89%
24 Pen
85%
34 Match
77%
34 Pencil
77%
24 Eraser
73%
47 Golf Ball
71%
47 Tennis Ball
71%
54 Blocky
70%
34 Bubble
69%
24 Flower
68%
21 Flower
68%
24 Lollipop
64%
84 Four
63%
54 Woody
63%
84 X
63%
21 Ruby
60%
16 Book
51%
34 Fanny
47%
35 Tree
47%
35 Black Hole
44%
22 Gaty
42%
15 Loser
36%
15 Cake
33%
22 Saw
33%
16 Pillow
27%
No matching quizzes found
Score Distribution
Percent of People with Each Score
Percentile by Number Answered
Your Score History
You have not taken this quiz since the last reset